<?xml version="1.0" encoding="UTF-8"?>
<marc:record xmlns:marc="http://www.loc.gov/MARC21/slim">
   <marc:leader>00000nam a2200000 a 4500</marc:leader>
   <marc:datafield ind1="1" ind2=" " tag="100">
      <marc:subfield code="a">Mayr, Markus</marc:subfield>
      <marc:subfield code="4">aut</marc:subfield>
      <marc:subfield code="e">Verfasser/-in</marc:subfield>
   </marc:datafield>
   <marc:datafield ind1=" " ind2=" " tag="653">
      <marc:subfield code="a">Jagd</marc:subfield>
   </marc:datafield>
   <marc:datafield ind1=" " ind2=" " tag="653">
      <marc:subfield code="a">Softcover / Belletristik/Gegenwartsliteratur (ab 1945)</marc:subfield>
   </marc:datafield>
   <marc:datafield ind1=" " ind2=" " tag="653">
      <marc:subfield code="a">Erlebnisbericht</marc:subfield>
   </marc:datafield>
   <marc:datafield ind1="0" ind2="0" tag="245">
      <marc:subfield code="a">Blattschuss</marc:subfield>
   </marc:datafield>
   <marc:datafield ind1="0" ind2="0" tag="245">
      <marc:subfield code="b">heitere und hintergründige Jagdgeschichten</marc:subfield>
   </marc:datafield>
   <marc:datafield ind1="0" ind2="0" tag="245">
      <marc:subfield code="c">Markus Mayr</marc:subfield>
   </marc:datafield>
   <marc:datafield ind1=" " ind2="1" tag="264">
      <marc:subfield code="a">Innsbruck</marc:subfield>
      <marc:subfield code="b">Tyrolia-Verl.</marc:subfield>
      <marc:subfield code="c">2010</marc:subfield>
   </marc:datafield>
   <marc:datafield ind1="1" ind2=" " tag="520">
      <marc:subfield code="a">Angaben aus der Verlagsmeldung

Blattschuss : Heitere und hintergründige Jagdgeschichten / von Markus Mayr

Geübt in den Ritualen des jagdlichen Verhaltens, stellt der Autor - und Jäger - Markus Mayr in seinen Geschichten über diese Leidenschaft, das Tierische und Menschliche gleichwertig nebeneinander. Nicht immer bedeutet Jagd Abenteuer und endet mit einem Blattschuß. Bisweilen ist der Jäger auch das Opfer - von der Natur irregeleitet und dem Spott der Kollegen ausgesetzt. Kräftig gewürzt mit Jägerlatein und feiner Ironie.
Auch wenn im Rampenlicht der Öffentlichkeit sich die Jagd zwischen Befürwortern und Gegnern behaupten muß, übt sie bisweilen dennoch eine unerklärlich Faszination aus, derer sich bestimmte Menschen auf der Pirsch in der Morgen- und Abenddämmerung, auf Hochständen oder versteckt hinter Bäumen, nicht entziehen können.
</marc:subfield>
   </marc:datafield>
   <marc:datafield ind1=" " ind2=" " tag="020">
      <marc:subfield code="a">9783702230821</marc:subfield>
      <marc:subfield code="9">9783702230821</marc:subfield>
   </marc:datafield>
   <marc:datafield ind1=" " ind2=" " tag="041">
      <marc:subfield code="a">ger</marc:subfield>
   </marc:datafield>
   <marc:datafield ind1=" " ind2=" " tag="300">
      <marc:subfield code="a">104 S.</marc:subfield>
   </marc:datafield>
</marc:record>
